Holiday Quiz

Random Holiday or Carol Quiz

Christmas Lyrics: Pick the First Line Quiz Stats

Quiz Updated Dec 25, 2014

Challenge
Share
Tweet
Embed
Score 0/24 Timer 04:00
2 Plays Today
% Correct
We wish you a merry Christmas!
90.6%
Frosty the snowman was a jolly, happy soul
90.5%
Deck the halls with boughs of holly
88.9%
Silent night, holy night
87.8%
Last Christmas I gave you my heart
87.4%
Hark the herald angels sing
87.1%
Here comes Santa Claus, here comes Santa Claus,
86.5%
Dashing through the snow in a one-horse open sleigh
85.9%
Chestnuts roasting on an open fire
85.6%
Jingle bell, jingle bell, jingle bell rock
84.8%
Sleigh bells ring - are you listening?
83.9%
I really can't stay
80.5%
% Correct
Santa baby, slip a sable under the tree for me
80%
Grandma got run over by a reindeer
78.8%
I don't want a lot for Christmas
78.4%
O holy night!
78.3%
Just hear those sleigh bills jingling
78.2%
Rockin' around the Christmas tree
76.7%
Should auld acquaintance be forgot
74%
Said the night wind to the little lamb
73.6%
So this is Christmas
72.4%
Have a holly jolly Christmas
68.7%
Pretty paper, pretty ribbons of blue
67.5%
Greeting cards have all been sent
63.6%

You're not logged in!

Compare scores with friends on all Sporcle quizzes.
Join for Free
OR
Log In

You Might Also Like...

Show Comments

Extras

Top Quizzes Today


Score Distribution

Your Account Isn't Verified!

In order to create a playlist on Sporcle, you need to verify the email address you used during registration. Go to your Sporcle Settings to finish the process.

Report this User

Report this user for behavior that violates our Community Guidelines.

Details: